|
|
|
|
| LEADER |
01255nam a2200277 a 4500 |
| 001 |
GR-Patra17754 |
| 008 |
040624s gr ez 000 0 gre d |
| 040 |
|
|
|a GrPaTEI
|b gre
|c GR-PaULI
|
| 040 |
|
|
|a GrPaTEI
|b gre
|c GR-PaULI
|
| 100 |
1 |
|
|a Κατανίδου, Χαρίκλεια
|
| 245 |
1 |
0 |
|a Καισαρική τομή και νοσηλευτική διεργασία /
|c Σπουδάστριες: Κατανίδου Χαρίκλεια, Γιαννακούλη Χριστίνα.
|
| 260 |
|
|
|a Πάτρα :
|b ΤΕΙ Πάτρας,
|c [200-]
|
| 300 |
|
|
|a 102σ.
|a εικ.
|a πίν.
|
| 504 |
|
|
|a Βιβλιογραφία: σ.90-91
|
| 650 |
|
4 |
|a ΚΑΙΣΑΡΙΚΗ ΤΟΜΗ
|
| 650 |
|
4 |
|a Νοσηλευτική
|
| 650 |
|
4 |
|a Πτυχιακή εργασία
|
| 700 |
1 |
|
|a Γιαννακούλη, Χριστίνα
|
| 710 |
0 |
|
|a Σ.Ε.Υ.Π..
|b Τμήμα Νοσηλευτικής
|
| 710 |
0 |
|
|a ΤΕΙ Πάτρας
|
| 856 |
4 |
0 |
|u https://nereus.library.upatras.gr/formerpat/ptyxiakes/seyp/seyp_nos/3626pe.pdf
|
| 935 |
|
|
|a dr
|
| 942 |
|
|
|2 ddc
|
| 952 |
|
|
|0 0
|1 0
|2 ddc
|4 0
|7 1
|9 297516
|a LISK
|b LISK
|c BSC
|d 2021-01-17
|e 24
|f 0
|g 0.00
|l 0
|p 9241003626
|r 2021-01-17 00:00:00
|t 1
|w 2021-01-17
|y BKN
|x 20040624 0 0
|x GrPaTEI
|
| 971 |
|
|
|a .b26652699
|b 16-04-20
|c 23-09-16
|
| 999 |
|
|
|c 173354
|d 173354
|